LEADER 00955nam a2200217 i 4500 001 000000050156 003 CaOOAMICUS 005 20120711000000.0 008 120711s1978 xx u000 u spa u 013 $a21327 040 $aSeMil$bita 100 1 $aVillalmonte, Alejandro : de <1921->.$0(OLS)http://semarc/name/24844 245 13$aEl Pecado Original :$bVeinticinco aņos de controversia : 1950-1975 /$cAlejandro de Villalmonte. 260 $aSalamanca :$bNaturaleza y Gracia,$c1978. 300 $a614 p. ;$c24 cm. 500 $aContiene : Bibliografia sobre el pecado origanal. 650 4$aPeccato originale.$0(OLS)http://semarc/subject/4565 850 $aSeMil 852 $aSeMil$W1$xVenegono$y1$m2E IV 169$j16311$B16311$CSeMilBibl$Z2$F16311 $81 996 $6245$aEl Pecado Original :$bVeinticinco aņos de controversia : 1950-1975$9(OLS)http://semarc/title/76523 996 $6260$aSalamanca :$bNaturaleza y Gracia$9(OLS)http://semarc/publisher/41201 LEADER 00903nas a2200241 i 4500 001 000000111433 003 CaOOAMICUS 005 20050531000000.0 008 050531b2004 it uu u0 0ita r 013 $a84115 020 $a88-7094-540-5 040 $aSeMil$bita 245 10$aPercorsi anagogici /$ccontributi di G.M. Carbone ... [et al.]. 260 $aBologna :$bESD,$c2004. 300 $a262 p. ;$c21 cm. 700 1 $aCarbone, Giorgio Maria,$c.$0(OLS)http://semarc/name/38456 774 0 $t[vedi periodico].$w()259420 850 $aSeMil 852 $aSeMil$W1$xVenegono$y1$m31 3 39$j67267$B67267$CSeMilBibl$Z2$F91819 $85 961 $aAbbonamento: Centro Editoriale Dehoniano 996 $6020$a88-7094-540-5$9(OLS)http://semarc/number/93606 996 $6245$aPercorsi anagogici$9(OLS)http://semarc/title/162203 996 $6260$aBologna :$bESD$9(OLS)http://semarc/publisher/30112